| 000 | 00519cam a22002171 4500 | ||
|---|---|---|---|
| 001 | sa 63001263 | ||
| 003 | DLC | ||
| 005 | 20260227111926.0 | ||
| 008 | 890628s1961 ii 000 0 hino | ||
| 010 | _asa 63001263 | ||
| 035 | _a(OCoLC)19943893 | ||
| 040 |
_aDLC _cWaU _dDLC |
||
| 042 | _apremarc | ||
| 050 | 0 | 0 |
_aPK3797 _b.S3 |
| 100 | 1 |
_aŚāstrī, Devadatta, _d1914- |
|
| 245 | 1 | 0 | _aKālidāsa: eka anuśīlana. |
| 260 | _c[1961] | ||
| 300 |
_a144 p. _c19 cm. |
||
| 500 | _aIn Hindi. | ||
| 600 | 0 | 0 | _aKālidāsa. |
| 999 |
_c53878 _d53878 |
||